| 000 | 00624nam a2200193Ii 4500 | ||
|---|---|---|---|
| 003 | JO-AjNU | ||
| 008 | 230605s9999||||xx |||||||||||||| ||und|| | ||
| 040 |
_aJO-AjNU _bara _erda _cJO-AjNU |
||
| 041 | _aara | ||
| 050 | 1 | 4 | _aQE31802.I4 1974 |
| 100 | 3 |
_aالعجل ، فؤاد/ م مشارك عبد الرحمن عبدالرحيم, _eauthor _915290 |
|
| 245 | 0 | 0 | _aجيولوجية سورية |
| 264 | 3 | 1 | _aعمان:دار الفكر ، 1974 |
| 300 | _a266ص | ||
| 336 |
_atext _btxt _2rdacontent |
||
| 337 |
_aunmediated _bn _2rdamedia |
||
| 338 |
_avolume _bnc _2rdacarrier |
||
| 650 | 4 |
_a جيولوجيا-سوريا _915291 |
|
| 999 |
_aA4282 _c7850 _d7850 |
||